| 000 | 00690nam a2200241Ia 4500 | ||
|---|---|---|---|
| 003 | OSt | ||
| 005 | 20220918185320.0 | ||
| 006 | a|||||r|||| 00| 0 | ||
| 007 | ta | ||
| 008 | 220917b |||||||| |||| 00| 0 eng d | ||
| 024 | _a50,630 | ||
| 037 | _cTextual | ||
| 040 |
_aARTS _cARTS _beng |
||
| 041 |
_2eng _aeng |
||
| 082 | _aP:(R195)0aMV41, K6 (PD) | ||
| 100 |
_aWilson Daniel Everett _968658 |
||
| 245 | 0 | _aStudy of ambiguity in military messages | |
| 260 |
_aAnn arbor _bArdor Univ Microfilms _c1967 |
||
| 300 |
_aiv,192p. _ccm. |
||
| 650 | _aLINGUISTICS | ||
| 942 |
_hP:(R195)0aMV41, K6 (PD) _cTEXL _2CC |
||
| 999 |
_c180226 _d180226 |
||